Statistics for Every Song by Jimmy Eat World

Click here to take the quiz!

General Stats

  • This quiz has been taken 53 times
    (13 since last reset)
  • The average score is 45 of 146

Answer Stats

HintAnswer% Correct
Bleed American(2001)The Middle
100%
Bleed American(2001)Bleed American
86%
Chase This Light(2007)Chase This Light
86%
Futures(2004)Futures
86%
Futures(2004)Pain
86%
Bleed American(2001)Sweetness
86%
Futures(2004)Work
86%
Bleed American(2001)A Praise Chorus
71%
Chase This Light(2007)Big Casino
71%
Clarity(1999)Clarity
71%
Bleed American(2001)Hear You Me
71%
Futures(2004)Polaris
71%
Futures(2004)23
57%
Clarity(1999)A Sunday
57%
Damage(2013)Damage
57%
Futures(2004)Drugs Or Me
57%
Bleed American(2001)If You Don't, Don't
57%
Invented(2010)Invented
57%
Futures(2004)Kill
57%
Invented(2010)My Best Theory
57%
Bleed American(2001)My Sundown
57%
Futures(2004)Night Drive
57%
Surviving(2019)Surviving
57%
Clarity(1999)Table For Glasses
57%
Bleed American(2001)The Authority Song
57%
Futures(Bonus)(2004)You
57%
Bleed American(2001)Your House
57%
Surviving(2019)555
43%
Invented(2010)Action Needs An Audience
43%
Chase This Light(2007)Always Be
43%
Bleed American(2001)Cautioners
43%
Invented(2010)Coffee and Cigarettes
43%
Surviving(2019)Criminal Energy
43%
Invented(2010)Cut
43%
Chase This Light(2007)Dizzy
43%
Chase This Light(2007)Firefight
43%
Integrity Blues(2016)Integrity Blues
43%
Clarity(1999)Lucky Denver Mint
43%
Invented(2010)Mixtape
43%
Futures(2004)Nothingwrong
43%
Non-Album(2022)Something Loud
43%
Futures(2004)The World You Love
43%
Invented(Bonus)(2010)Anais
29%
Damage(2013)Appreciation
29%
Clarity(1999)Blister
29%
Damage(2013)Byebyelove
29%
Chase This Light(2007)Carry You
29%
Jimmy Eat World(1994)Cars
29%
Surviving(2019)Congratulations
29%
Clarity(1999)Crush
29%
Surviving(2019)Diamond
29%
Chase This Light(2007)Electable(Give It Up)
29%
Chase This Light(2007)Feeling Lucky
29%
Clarity(1999)For Me This is Heaven
29%
Bleed American(2001)Get It Faster
29%
Chase This Light(2007)Gotta Be Somebody's Blues
29%
Love Never / Half Heart(2018)Half Heart
29%
Invented(2010)Heart is Hard to Find
29%
Singles(2000)H Model
29%
Futures(2004)Just Tonight...
29%
Clarity(1999)Just Watch the Fireworks
29%
Damage(2013)Lean
29%
Chase This Light(2007)Let It Happen
29%
Invented(2010)Littlething
29%
Surviving(2019)Love Never
29%
Invented(2010)Movielike
29%
Surviving(2019)One Mil
29%
One, Two, Three, Four(1994)One-Thousand-Two-Hundred-Thirty-Four
29%
Integrity Blues(2016)Pass the Baby
29%
Damage(2013)Please Say No
29%
Integrity Blues(2016)Pol Roger
29%
Non-Album(2023)Telepath
29%
Clarity(1999)Ten
29%
Bleed American(Bonus)(2001)The Most Beautiful Things
29%
Static Prevails(1996)Thinking, That's All
29%
Singles(2000)Untitled
29%
Clarity(1999)Your New Aesthetic
29%
Damage(2013)You Were Good
29%
Clarity(1999)12.23.95
14%
Singles(2000)77 Satellites
14%
Surviving(2019)All the Way (Stay)
14%
Jimmy Eat World(1994)Amphibious
14%
Static Prevails(1996)Anderson Mesa
14%
One, Two, Three, Four(1994)Angst for Joel
14%
Clarity(1999)Believe In What You Want
14%
Damage(2013)Book of Love
14%
Static Prevails(1996)Call It in the Air
14%
Non-Album(2020)Call to Love
14%
Singles(2000)Carbon Scoring
14%
Static Prevails(1996)Caveman
14%
Jimmy Eat World(1994)Chachi
14%
Singles(2000)Christmas Card
14%
Static Prevails(1996)Claire
14%
Stay On My Side Tonight(2005)Closer
14%
Jimmy Eat World(1994)Crooked
14%
Surviving(2019)Delivery
14%
Static Prevails(1996)Digits
14%
Stay On My Side Tonight(2005)Disintegration
14%
Static Prevails(1996)Episode IV
14%
Invented(2010)Evidence
14%
Good to Go(2002)Game of Pricks
14%
Integrity Blues(2016)Get Right
14%
Clarity(1999)Goodbye Sky Harbor
14%
Chase This Light(2007)Here It Goes
14%
Invented(2010)Higher Devotion
14%
Jimmy Eat World(1994)House Arrest
14%
Damage(2013)How'd You Have Me
14%
One, Two, Three, Four(1994)Indecent Exposure
14%
Static Prevails(1996)In the Same Room
14%
Integrity Blues(2016)It Matters
14%
Damage(2013)I Will Steal You Back
14%
One, Two, Three, Four(1994)Look at You
14%
Damage(2013)No, Never
14%
Bleed American(Bonus)(2001)No Sensitivity
14%
Singles(2000)Opener
14%
Stay On My Side Tonight(2005)Over
14%
Jimmy Eat World(1994)Patches
14%
Non-Album(2022)Place Your Debts
14%
Integrity Blues(2016)Pretty Grids
14%
Singles(2000)Ramina
14%
Jimmy Eat World(1994)Reason 346
14%
Surviving(2019)Recommit
14%
Static Prevails(1996)Robot Factory
14%
Static Prevails(1996)Rockstar
14%
Jimmy Eat World(1998)Roller Queen
14%
Jimmy Eat World(1994)Scientific
14%
Static Prevails(1996)Seventeen
14%
Futures(Bonus)(2004)Shame
14%
Jimmy Eat World(1998)Softer
14%
Good to Go(2002)Spangle
14%
Futures(Bonus)(2004)Sparke
14%
Singles(2000)Speed Read
14%
Bleed American(Bonus)(2001)(Splash) Turn Twist
14%
Jimmy Eat World(1994)Splat Out of Luck
14%
Damage(Bonus)(2013)Step One
14%
Invented(2010)Stop
14%
Integrity Blues(2016)Sure and Certain
14%
Integrity Blues(2016)The End is Beautiful
14%
Integrity Blues(2016)Through
14%
Jimmy Eat World(1994)Usery
14%
Jimmy Eat World(1994)Wednesday
14%
Singles(2000)What Would I Say to You Now
14%
Futures(Bonus)(2004)When I Want
14%
Static Prevails(1996)World is Static
14%
Integrity Blues(2016)You are Free
14%
Integrity Blues(2016)You with Me
14%

Score Distribution

Percentile by Number Answered

Percent of People with Each Score

Your Score History

You have not taken this quiz since the last reset